[Event "EU-ch Seniors 65 16th"]
[Site "Yerevan"]
[Date "2016.06.07"]
[Round "3"]
[White "Hoose, Hannelore"]
[Black "Vagner, Grigorij"]
[Result "1/2-1/2"]
[WhiteElo "1746"]
[BlackElo "1913"]
[PlyCount "60"]
[EventDate "2016.06.05"]
[EventType "swiss"]
[EventRounds "9"]
[EventCountry "ARM"]
[SourceTitle "CBM 172 Extra"]
[Source "ChessBase"]
[SourceDate "2016.06.21"]
[SourceVersion "1"]
[SourceVersionDate "2016.06.21"]
[SourceQuality "1"]

1. f4 d5 2. Nf3 e6 3. e3 c5 4. b3 Nf6 5. Bb2 Be7 6. Bb5+ Nc6 7. Nc3 a6 8. Bxc6+ bxc6 9. a4 d4 10. exd4 cxd4 11. Ne2 c5 12. d3 Bb7 13. 0-0 0-0 14. Bc1 Nd5 15. Bd2 Rc8 16. Qe1 Qc7 17. Ne5 Rfe8 18. Qf2 f6 19. Nc4 e5 20. fxe5 fxe5 21. Qg3 Bf6 22. Bg5 Qe7 23. Bxf6 Nxf6 24. Rae1 e4 25. Qd6 exd3 26. Qxe7 Rxe7 27. cxd3 Rce8 28. Nd6 Rb8 29. Nc1 Rxe1 30. Rxe1 Bd5 1/2-1/2

[Event "Bremen-ch op"]
[Site "Bremen"]
[Date "2015.03.30"]
[Round "4"]
[White "Hoose, Hannelore"]
[Black "Proske, Matthias"]
[Result "1/2-1/2"]
[WhiteElo "1709"]
[BlackElo "1407"]
[PlyCount "112"]
[EventDate "2015.03.28"]
[EventType "swiss"]
[EventRounds "9"]
[EventCountry "GER"]
[SourceTitle "EXT 2018"]
[Source "ChessBase"]
[SourceDate "2017.10.13"]
[SourceVersion "1"]
[SourceVersionDate "2017.10.13"]
[SourceQuality "1"]

1. e4 c5 2. d3 Nc6 3. g3 d5 4. exd5 Qxd5 5. Qf3 Nf6 6. Nc3 Qe5+ 7. Qe3 a6 8. Qxe5 Nxe5 9. Bf4 Ng6 10. Bd2 e5 11. Bg2 Rb8 12. Nge2 Be6 13. b3 b5 14. 0-0 Be7 15. Bc6+ Bd7 16. Bg2 0-0 17. f4 Bd6 18. fxe5 Bxe5 19. Rad1 h5 20. Ne4 Nxe4 21. Bxe4 Bg4 22. Rde1 Bh3 23. Rf2 f5 24. Bf3 h4 25. Bg5 hxg3 26. hxg3 Nh8 27. Bf4 Rbe8 28. Rh2 Bd4+ 29. Kh1 Bg4 30. Kg2 Bxf3+ 31. Kxf3 Ng6 32. Reh1 Nxf4 33. Nxd4 Nxd3 34. cxd3 cxd4 35. Rh8+ Kf7 36. Rxf8+ Rxf8 37. Re1 Kf6 38. g4 g6 39. gxf5 gxf5 40. Rh1 Rg8 41. Rc1 Re8 42. Kf4 Re6 43. Rc5 Re3 44. Rxf5+ Ke6 45. Rh5 Rxd3 46. Ke4 Rd1 47. Rh6+ Kd7 48. Rxa6 d3 49. Ke3 Kc7 50. b4 Kb7 51. Ra3 Rb1 52. Rb3 Rxb3 53. axb3 Kc6 54. Kxd3 Kd5 55. Ke3 Ke5 56. Kd3 Kd5 1/2-1/2

[Event "Bremen-ch op"]
[Site "Bremen"]
[Date "2015.03.28"]
[Round "1"]
[White "Kardoeus, David"]
[Black "Hoose, Hannelore"]
[Result "1-0"]
[WhiteElo "2108"]
[BlackElo "1709"]
[PlyCount "103"]
[EventDate "2015.03.28"]
[EventType "swiss"]
[EventRounds "9"]
[EventCountry "GER"]
[SourceTitle "EXT 2018"]
[Source "ChessBase"]
[SourceDate "2017.10.13"]
[SourceVersion "1"]
[SourceVersionDate "2017.10.13"]
[SourceQuality "1"]

1. e4 e6 2. d4 d5 3. Nd2 dxe4 4. Nxe4 Be7 5. Nf3 Nd7 6. Bd3 Ngf6 7. c3 b6 8. Nxf6+ Bxf6 9. Bf4 Bb7 10. Bc2 Rc8 11. 0-0 c5 12. dxc5 Rxc5 13. Re1 0-0 14. Qd3 g6 15. Rad1 Rd5 16. Qe2 Rxd1 17. Rxd1 Qc8 18. Nd2 Rd8 19. Ne4 Bxe4 20. Qxe4 Nc5 21. Rxd8+ Qxd8 22. Qc6 Kg7 23. b4 Nd3 24. Bc7 Nxb4 25. cxb4 Qd4 26. g3 Qxb4 27. Bb8 Qe1+ 28. Kg2 Bd4 29. Qf3 a5 30. a4 Qd2 31. Bb3 Qb4 32. Qd3 Qc5 33. Qc2 Qxc2 34. Bxc2 f5 35. f4 Kf7 36. Be5 Bc5 37. Kf3 h5 38. h3 Ke7 39. g4 hxg4+ 40. hxg4 Bg1 41. Kg3 Kf7 42. Kh4 Bf2+ 43. Kg5 Bc5 44. Kh6 Bf8+ 45. Kh7 Bc5 46. g5 Be3 47. Bd1 Bc5 48. Bh5 gxh5 49. g6+ Kf8 50. g7+ Kf7 51. g8Q+ Ke7 52. Kg6 1-0

[Event "GER-ch (Women)"]
[Site "Bad Wiessee"]
[Date "2015.02.13"]
[Round "8"]
[White "Zahn, Alina"]
[Black "Hoose, Hannelore"]
[Result "1-0"]
[WhiteElo "2090"]
[BlackElo "1713"]
[PlyCount "114"]
[EventDate "2015.02.06"]
[EventType "swiss"]
[EventRounds "9"]
[EventCountry "GER"]
[SourceTitle "CBM 164 Extra"]
[Source "ChessBase"]
[SourceDate "2015.03.02"]
[SourceVersion "1"]
[SourceVersionDate "2015.03.02"]
[SourceQuality "1"]

1. e4 e6 2. d4 d5 3. Nc3 Nf6 4. e5 Nfd7 5. f4 c5 6. Nf3 Nc6 7. Be3 a6 8. Qd2 Qa5 9. a3 cxd4 10. Nxd4 Nxd4 11. Bxd4 Bc5 12. Ne2 Qxd2+ 13. Kxd2 Bxd4 14. Nxd4 g6 15. h4 h5 16. Be2 Nc5 17. Ke3 Ke7 18. g4 hxg4 19. Bxg4 Bd7 20. b4 Na4 21. Rh3 Rac8 22. Rah1 Nb6 23. Kf2 Na4 24. Be2 Nb2 25. Rb1 Na4 26. Rbb3 Nb6 27. Rbg3 Ba4 28. Rc3 Rxc3 29. Rxc3 Rc8 30. Rxc8 Nxc8 31. c4 Kd7 32. c5 Na7 33. Ke3 Ke7 34. Bg4 Nb5 35. Nxb5 Bxb5 36. Bd1 Kd8 37. Kd4 Bc6 38. Bc2 Kc7 39. Bd1 Kd8 40. Be2 Kc7 41. f5 exf5 42. h5 gxh5 43. Bxh5 Kd8 44. Bxf7 Ke7 45. Bxd5 Bxd5 46. Kxd5 Kd7 47. a4 Ke7 48. b5 axb5 49. axb5 f4 50. Ke4 f3 51. Kxf3 Kd7 52. Ke4 Ke6 53. c6 bxc6 54. bxc6 Ke7 55. Kd5 Ke8 56. Kd6 Kd8 57. e6 Ke8 1-0

[Event "GER-ch (Women)"]
[Site "Bad Wiessee"]
[Date "2015.02.06"]
[Round "1"]
[White "Frey, Alisa"]
[Black "Hoose, Hannelore"]
[Result "1-0"]
[WhiteElo "2104"]
[BlackElo "1713"]
[PlyCount "23"]
[EventDate "2015.02.06"]
[EventType "swiss"]
[EventRounds "9"]
[EventCountry "GER"]
[SourceTitle "CBM 164 Extra"]
[Source "ChessBase"]
[SourceDate "2015.03.02"]
[SourceVersion "1"]
[SourceVersionDate "2015.03.02"]
[SourceQuality "1"]

1. d4 d5 2. c4 e6 3. Nc3 Nf6 4. Bg5 Be7 5. e3 Nbd7 6. Nf3 c6 7. Bd3 0-0 8. Qd2 h6 9. Bh4 dxc4 10. Bxc4 b5 11. Bd3 Bb7 12. 0-0 1-0

[Event "Wch Seniors (Women) 24th"]
[Site "Katerini"]
[Date "2014.11.04"]
[Round "11"]
[White "Sinchurina, Tatiana"]
[Black "Hoose, Hannelore"]
[Result "1-0"]
[WhiteElo "1985"]
[BlackElo "1757"]
[PlyCount "50"]
[EventDate "2014.10.24"]
[EventType "swiss"]
[EventRounds "11"]
[EventCountry "GRE"]
[SourceTitle "EXT 2015"]
[Source "ChessBase"]
[SourceDate "2014.11.20"]
[SourceVersion "1"]
[SourceVersionDate "2014.11.20"]
[SourceQuality "1"]

1. d4 c5 2. d5 e5 3. e4 d6 4. c4 Nf6 5. Nc3 Bd7 6. Be2 h6 7. f4 exf4 8. Bxf4 Na6 9. a3 Nc7 10. Qd3 Bg4 11. Bxg4 Nxg4 12. Qg3 Nf6 13. Qf3 Qd7 14. h3 0-0-0 15. Nge2 Re8 16. b4 b6 17. bxc5 dxc5 18. e5 Ng8 19. d6 Na6 20. Qa8+ Nb8 21. Nb5 Qf5 22. Nxa7+ Kd7 23. Qb7+ Ke6 24. Nb5 Bxd6 25. Qd5+ Ke7 1-0

[Event "Wch Seniors (Women) 24th"]
[Site "Katerini"]
[Date "2014.10.31"]
[Round "7"]
[White "Hoose, Hannelore"]
[Black "Strutinskaya, Galina N"]
[Result "0-1"]
[WhiteElo "1757"]
[BlackElo "2287"]
[PlyCount "78"]
[EventDate "2014.10.24"]
[EventType "swiss"]
[EventRounds "11"]
[EventCountry "GRE"]
[SourceTitle "EXT 2015"]
[Source "ChessBase"]
[SourceDate "2014.11.20"]
[SourceVersion "1"]
[SourceVersionDate "2014.11.20"]
[SourceQuality "1"]

1. e4 c5 2. c3 Nf6 3. e5 Nd5 4. Nf3 e6 5. d4 cxd4 6. cxd4 b6 7. Bc4 Bb7 8. 0-0 Be7 9. a3 0-0 10. Bd2 f5 11. Be2 g5 12. Nc3 g4 13. Ne1 d6 14. Nxd5 Bxd5 15. Bf4 Nc6 16. Rc1 Rf7 17. Rc3 h5 18. f3 dxe5 19. dxe5 Bc5+ 20. Kh1 Rd7 21. Rd3 a5 22. Rd2 Raa7 23. Bb5 Qh4 24. Qe2 gxf3 25. Qd1 Qxf4 26. Bxc6 Bxc6 27. Nxf3 Rxd2 28. Nxd2 Qg4 29. Nf3 Rg7 30. Qd2 Bd5 31. Ne1 Qe4 32. Nf3 Qe3 33. Qd1 Bxf3 34. Rxf3 Qxe5 35. Rd3 f4 36. h3 f3 37. Rd8+ Kh7 38. Qxf3 Qe1+ 39. Kh2 Qg1# 0-1

[Event "EU-ch Seniors 65 (Women)"]
[Site "Porto"]
[Date "2014.03.13"]
[Round "5"]
[White "Hoose, Hannelore"]
[Black "Kozlovskaya, Valentina"]
[Result "0-1"]
[WhiteElo "1750"]
[BlackElo "2169"]
[PlyCount "104"]
[EventDate "2014.03.09"]
[EventType "tourn"]
[EventRounds "9"]
[EventCountry "POR"]
[SourceTitle "CBM 159 Extra"]
[Source "ChessBase"]
[SourceDate "2014.04.24"]
[SourceVersion "1"]
[SourceVersionDate "2014.04.24"]
[SourceQuality "1"]

1. Nf3 d5 2. b3 c5 3. Bb2 Nc6 4. d3 Nf6 5. e3 e6 6. Be2 Bd6 7. Nbd2 0-0 8. c4 b6 9. d4 cxd4 10. Nxd4 Nxd4 11. Bxd4 e5 12. Bb2 Bb7 13. cxd5 Bxd5 14. Bf3 Re8 15. Bxd5 Nxd5 16. 0-0 Rc8 17. Nc4 Bb8 18. e4 Nf4 19. Ne3 Qg5 20. Qg4 Qxg4 21. Nxg4 Rc2 22. Ba3 a5 23. g3 Ne2+ 24. Kg2 Nc3 25. Kf3 Nb5 26. Bc1 Nd4+ 27. Kg2 b5 28. Ne3 Rc6 29. Bd2 a4 30. bxa4 bxa4 31. a3 Nb3 32. Ra2 Ba7 33. Nd5 f6 34. Bb4 Kf7 35. Nc3 Ra6 36. Rd1 Bd4 37. Nd5 Rc8 38. g4 Rc4 39. h3 g6 40. Rd3 Nc1 41. Rxd4 exd4 42. Rd2 Nb3 43. Rd3 Re6 44. Kf3 Rc2 45. Nf4 Rec6 46. Ne2 R6c4 47. Rd1 Ra2 48. Rd3 g5 49. Rd1 Ke6 50. Rd3 Ke5 51. Rd1 Rcc2 52. Re1 h6 0-1

[Event "EU-ch Seniors 65 (Women)"]
[Site "Porto"]
[Date "2014.03.11"]
[Round "3"]
[White "Hoose, Hannelore"]
[Black "Khmiadashvili, Tamari"]
[Result "1-0"]
[WhiteElo "1750"]
[BlackElo "2083"]
[PlyCount "207"]
[EventDate "2014.03.09"]
[EventType "tourn"]
[EventRounds "9"]
[EventCountry "POR"]
[SourceTitle "CBM 159 Extra"]
[Source "ChessBase"]
[SourceDate "2014.04.24"]
[SourceVersion "1"]
[SourceVersionDate "2014.04.24"]
[SourceQuality "1"]

1. e4 e5 2. Nf3 Nc6 3. Bb5 a6 4. Ba4 b5 5. Bb3 Bc5 6. d3 h6 7. Be3 Qe7 8. 0-0 Bb7 9. Nc3 Nd4 10. Nd5 Bxd5 11. Bxd5 c6 12. Bb3 Nf6 13. c3 Nxb3 14. axb3 Bxe3 15. fxe3 0-0 16. Qe2 a5 17. Nd2 a4 18. b4 d5 19. exd5 cxd5 20. Nb1 Rfe8 21. Re1 Rab8 22. Na3 Qd7 23. Rad1 Qb7 24. d4 e4 25. Rf1 Re6 26. Rf4 Ne8 27. Rdf1 Nd6 28. R4f2 Rg6 29. Rf4 Qd7 30. Kh1 f5 31. R1f2 Rf6 32. Rf1 g5 33. R4f2 Rbf8 34. g3 Kg7 35. Rg1 Kh7 36. Rgf1 Qc6 37. Kg1 Kg6 38. Rg2 Ra8 39. Rgf2 Raf8 40. Rg2 Nc4 41. Nxc4 dxc4 42. Rff2 Ra8 43. Rf1 a3 44. Ra1 a2 45. Qd1 Qd5 46. Qf1 Kh7 47. Rf2 h5 48. Qe2 Kh6 49. Rff1 Raa6 50. Rf2 g4 51. Rg2 Kg5 52. Qf2 Qd6 53. Qe1 Rh6 54. Qf2 h4 55. Qf4+ Qxf4 56. gxf4+ Kh5 57. Kf2 Rhg6 58. Kg1 Ra8 59. Kh1 Rg7 60. Kg1 Kg6 61. Kf1 Kf6 62. Ke2 Ke6 63. Kd2 Kd5 64. Kc2 Rga7 65. Kd2 g3 66. h3 Rg7 67. Ke2 Kc6 68. Kf1 Kb6 69. Kg1 Ra4 70. Kf1 Kc6 71. Kg1 Kd5 72. Kf1 Rga7 73. Ke1 Rxb4 74. cxb4 Ra4 75. Re2 Rxb4 76. Rxa2 c3 77. Kd1 Kc4 78. Kc2 cxb2 79. Rxb2 Ra4 80. Kb1 Ra3 81. Rbc2+ Kb4 82. Rb2+ Kc4 83. Rbc2+ Kb4 84. d5 Rd3 85. Rcd2 Kc5 86. Kc2 Rxd5 87. Rxd5+ Kxd5 88. Kc3 Kc5 89. Kb3 Kc6 90. Kb4 Kb6 91. Rd2 Kc6 92. Rc2+ Kd5 93. Kxb5 Kd6 94. Kc4 Kc6 95. Rd2 Kb6 96. Kd5 Kb5 97. Ke5 Kc4 98. Kxf5 Kc3 99. Ra2 Kd3 100. Kg4 Kxe3 101. f5 Kd4 102. Kxh4 Ke5 103. Kxg3 Kxf5 104. Re2 1-0